IFM Opac

THEORY IN PRACTICE INCREASING PROFESSIONAL EFFECTIVENESS (Record no. 13290)

MARC details
000 -LEADER
fixed length control field 00409nam a22001457a 4500
082 ## - DEWEY DECIMAL CLASSIFICATION NUMBER
Classification number 370.11 ARG
100 ## - MAIN ENTRY--PERSONAL NAME
Personal name ARGYRIS CHRIS
245 ## - TITLE STATEMENT
Title THEORY IN PRACTICE INCREASING PROFESSIONAL EFFECTIVENESS
260 ## - PUBLICATION, DISTRIBUTION, ETC.
Place of publication, distribution, etc. LONDON
Name of publisher, distributor, etc. JOSSEY
Date of publication, distribution, etc. 1977
300 ## - PHYSICAL DESCRIPTION
Extent XIV224P.
Other physical details 25CM
500 ## - GENERAL NOTE
General note INCLUDE INDEX,
650 ## - SUBJECT ADDED ENTRY--TOPICAL TERM
Topical term or geographic name entry element THEORY IN PRACTICE INCREASING PROFESSIONAL EFFECTIVENESS
700 ## - ADDED ENTRY--PERSONAL NAME
Personal name SCHON .A DONALD
942 ## - ADDED ENTRY ELEMENTS (KOHA)
Koha item type Books
Holdings
Withdrawn status Lost status Damaged status Not for loan Home library Current library Shelving location Date acquired Total Checkouts Full call number Barcode Date last seen Price effective from Koha item type
Withdrawn       IFM Main Campus Library IFM Main Campus Library Archival Collection 10/30/2015   370.11 ARG 0000011650 10/30/2015 02/19/2022 Books